<?xml version="1.0" encoding="UTF-8"?>
<record
    xmlns:xsi="http://www.w3.org/2001/XMLSchema-instance"
    xsi:schemaLocation="http://www.loc.gov/MARC21/slim http://www.loc.gov/standards/marcxml/schema/MARC21slim.xsd"
    xmlns="http://www.loc.gov/MARC21/slim">

  <leader>02043cam a2200193 i 4500</leader>
  <datafield tag="020" ind1=" " ind2=" ">
    <subfield code="a">9781786390646 (hardcover : alk. paper)</subfield>
  </datafield>
  <datafield tag="041" ind1=" " ind2=" ">
    <subfield code="a">ENG</subfield>
  </datafield>
  <datafield tag="082" ind1="0" ind2="0">
    <subfield code="a">338.472</subfield>
    <subfield code="b">RAJ</subfield>
  </datafield>
  <datafield tag="245" ind1="0" ind2="0">
    <subfield code="a">Conflicts, religion and culture in tourism </subfield>
  </datafield>
  <datafield tag="260" ind1=" " ind2=" ">
    <subfield code="a">Belmont, Calif.</subfield>
    <subfield code="b">Wadsworth Pub. Co.,</subfield>
    <subfield code="c">1995</subfield>
  </datafield>
  <datafield tag="300" ind1=" " ind2=" ">
    <subfield code="a">x, 176 pages :</subfield>
    <subfield code="b">illustrations, maps ;</subfield>
  </datafield>
  <datafield tag="490" ind1="0" ind2=" ">
    <subfield code="a">CABI religious tourism and pilgrimage series</subfield>
  </datafield>
  <datafield tag="505" ind1="0" ind2=" ">
    <subfield code="a">Introduction to conflicts religion and culture in tourism / Razaq Raj &amp; Kevin Griffin -- Consciousness in conflict / Rukeya Suleman &amp; Balal Qayum -- Defamation of religion and freedom of speech / Ayesha Chowdhury &amp; Razaq Raj -- Imagining the contours of culture : is religious tourism a precondition for conflict? / Maximiliano Korstanje, Maite Echarri Chavez &amp; Lourdes Mustelier-Cisneros -- The essence of community cohesion through religious tolerance / Irfan Raja &amp; Razaq Raj -- Religious tourism and pilgrimage in a non-religious country : the Czech Republic / Jan R&#xE1;ja -- Pilgrimage, cultural landscape, and tourism in the heritagization of churches and Christian sites in Nagasaki / Tinka Delakorda Kawashima -- Claiming territory : the role of pilgrimage in the struggle for a re-Christianisation of Sweden / Pierre Wiktorin -- Cuba and its Christian roots : a case for understanding religious tourism / Maite Echarri Chavez, Lourdes Mustelier-Cisneros &amp; Maximiliano Korstanje - Visiting graves, tombs and shrines in Islamic law / Necmeddin G&#xFC;ney -- Religious spaces as discrete system : a case of Ayodhya, India / Sanjeev Singh, Nayan Srivastava, Kartikeya Sonker &amp; Manas Ranjan -- Halal tourism : the case of Turkey / Yasin Bilim &amp; &#xD6;zg&#xFC;r &#xD6;zer -- Kosher tourism : a Greek case study / Polyxeni Moira, Dimitrios Mylonopoulos &amp; Panagiota Vasilopoulou -- War and cultural heritage : the case of religious monuments / Dimitrios Mylonopoulos, Polyxeni Moira &amp; Katerina Kikilia.</subfield>
  </datafield>
  <datafield tag="650" ind1=" " ind2="0">
    <subfield code="a">Tourism</subfield>
  </datafield>
  <datafield tag="650" ind1=" " ind2="0">
    <subfield code="a">Pilgrims and pilgrimages.</subfield>
  </datafield>
  <datafield tag="700" ind1="1" ind2=" ">
    <subfield code="a">Raj, Razaq,</subfield>
  </datafield>
  <datafield tag="700" ind1="1" ind2=" ">
    <subfield code="a">Griffin, Kevin A.,</subfield>
  </datafield>
  <datafield tag="942" ind1=" " ind2=" ">
    <subfield code="c">BK</subfield>
  </datafield>
  <datafield tag="952" ind1=" " ind2=" ">
    <subfield code="0">0</subfield>
    <subfield code="1">0</subfield>
    <subfield code="4">0</subfield>
    <subfield code="7">0</subfield>
    <subfield code="a">HMI</subfield>
    <subfield code="b">HMI</subfield>
    <subfield code="c">GEN</subfield>
    <subfield code="d">2024-03-03</subfield>
    <subfield code="e">Kohinoor Book Distributor</subfield>
    <subfield code="g">10108.00</subfield>
    <subfield code="l">2</subfield>
    <subfield code="o">338.472 RAJ</subfield>
    <subfield code="p">25895</subfield>
    <subfield code="q">2026-02-24</subfield>
    <subfield code="r">2026-02-10</subfield>
    <subfield code="s">2026-02-10</subfield>
    <subfield code="w">2024-04-18</subfield>
    <subfield code="y">BK</subfield>
  </datafield>
  <datafield tag="999" ind1=" " ind2=" ">
    <subfield code="c">23445</subfield>
    <subfield code="d">23445</subfield>
  </datafield>
</record>
